Sharing the land : (Record no. 126080)
[ view plain ]
| 000 -LEADER | |
|---|---|
| fixed length control field | 01273nam a2200337 a 4500 |
| 001 - CONTROL NUMBER | |
| control field | 2085344 |
| 003 - CONTROL NUMBER IDENTIFIER | |
| control field | ARRUPE |
| 005 - DATE AND TIME OF LATEST TRANSACTION | |
| control field | 20170209103328.0 |
| 008 - FIXED-LENGTH DATA ELEMENTS--GENERAL INFORMATION | |
| fixed length control field | 940714s1993 rh a b i000 0 eng |
| 010 ## - LIBRARY OF CONGRESS CONTROL NUMBER | |
| LC control number | 94980089 |
| 020 ## - INTERNATIONAL STANDARD BOOK NUMBER | |
| International Standard Book Number | 2831701937 |
| 040 ## - CATALOGING SOURCE | |
| Original cataloging agency | DLC |
| Transcribing agency | DLC |
| 042 ## - AUTHENTICATION CODE | |
| Authentication code | lcode |
| 043 ## - GEOGRAPHIC AREA CODE | |
| Geographic area code | f------ |
| 050 00 - LIBRARY OF CONGRESS CALL NUMBER | |
| Classification number | QH77.A425S48 1993 |
| 082 00 - DEWEY DECIMAL CLASSIFICATION NUMBER | |
| Classification number | 333.95/16/096 |
| Edition number | 20 |
| 300 ## - PHYSICAL DESCRIPTION | |
| Other physical details | col. ill. ; |
| Dimensions | 24 cm. |
| 100 ## - MAIN ENTRY--PERSONAL NAME | |
| Personal name | Kudzai Makombe |
| 9 (RLIN) | 28710 |
| 245 00 - TITLE STATEMENT | |
| Title | Sharing the land : |
| Remainder of title | wildlife, people, and development in Africa / |
| Statement of responsibility, etc | edited by Kudzai Makombe. |
| 260 ## - PUBLICATION, DISTRIBUTION, ETC. (IMPRINT) | |
| Place of publication, distribution, etc | Harare, Zimbabwe : |
| Name of publisher, distributor, etc | IUCN/Regional Office for Southern Africa ; |
| Date of publication, distribution, etc | c1993. |
| 300 ## - PHYSICAL DESCRIPTION | |
| Extent | 36 p. : |
| 440 #0 - SERIES STATEMENT/ADDED ENTRY--TITLE | |
| Title | IUCN/ROSA environmental issues series ; |
| Volume number/sequential designation | no. 1 |
| 9 (RLIN) | 28711 |
| 650 #0 - SUBJECT ADDED ENTRY--TOPICAL TERM | |
| Topical term or geographic name as entry element | Wildlife conservation |
| General subdivision | Africa. |
| 9 (RLIN) | 28712 |
| 650 #0 - SUBJECT ADDED ENTRY--TOPICAL TERM | |
| Topical term or geographic name as entry element | Wildlife management |
| Geographic subdivision | Africa. |
| 9 (RLIN) | 28713 |
| 650 #0 - SUBJECT ADDED ENTRY--TOPICAL TERM | |
| Topical term or geographic name as entry element | Sustainable development |
| Geographic subdivision | Africa. |
| 9 (RLIN) | 28714 |
| 700 1# - ADDED ENTRY--PERSONAL NAME | |
| Personal name | Makombe, Kudzai. |
| Relator term | ed. |
| 9 (RLIN) | 28715 |
| 710 2# - ADDED ENTRY--CORPORATE NAME | |
| Corporate name or jurisdiction name as entry element | IUCN Regional Office for Southern Africa. |
| 9 (RLIN) | 28716 |
| 710 2# - ADDED ENTRY--CORPORATE NAME | |
| Corporate name or jurisdiction name as entry element | IUCN/Sustainable Use of Wildlife Programme. |
| 9 (RLIN) | 28717 |
| 906 ## - LOCAL DATA ELEMENT F, LDF (RLIN) | |
| a | 7 |
| b | cbc |
| c | origode |
| d | 2 |
| e | ncip |
| f | 19 |
| g | y-gencatlg |
| 942 ## - ADDED ENTRY ELEMENTS (KOHA) | |
| Source of classification or shelving scheme | Library of Congress Classification |
| Koha item type | Monograph ( Printed materials) |
| Withdrawn status | Lost status | Source of classification or shelving scheme | Damaged status | Not for loan | Collection code | Home library | Current library | Shelving location | Date acquired | Total Checkouts | Full call number | Barcode | Date last seen | Date checked out | Price effective from | Koha item type |
|---|---|---|---|---|---|---|---|---|---|---|---|---|---|---|---|---|
| Library of Congress Classification | Main Collection | ARRUPE LIBRARY | ARRUPE LIBRARY | Main Collection | 09/02/2017 | 1 | QH77.A425S48 1993 | 46500023644 | 02/09/2022 | 19/08/2022 | 09/02/2017 | Monograph ( Printed materials) |